000 00225nam a22000857a 4500
008 161018b xxu||||| |||| 00| 0 eng d
100 _9887
_aBhatia.K.
245 _aExpression in Art
260 _aNew Delhi
_bNavdeep Publications
_c2008
999 _c3540
_d3540